[Event "54th Rubinstein Memorial-A 2018"]
[Site "Polanica-Zdroj"]
[Date "2018.08.18"]
[Round "1"]
[White "Kucharski, Bartlomiej"]
[Black "Djuric, Stefan"]
[Result "1/2-1/2"]
[WhiteElo "1938"]
[BlackElo "2352"]
[Annotator "TA"]
[PlyCount "96"]
[EventDate "2018.08.18"]
[EventType "swiss"]
[EventCountry "POL"]
[SourceTitle "playchess.com"]
[Source "ChessBase"]
[SourceQuality "1"]

{[%evp 21,96,-30,-29,-69,-49,-85,-22,-19,-23,-16,-16,-32,-19,-15,-12,-23,-8,-69,-61,-58,-45,-36,-41,-45,-30,-41,-18,-67,-62,-220,-225,-225,-172,-159,-152,-214,-223,-206,-137,-512,-473,-29989,-29990,-29990,0,0,0,0,0,-465,-462,-620,-610,-610,-605,-605,-600,-589,0,0,0,-574,-543,-716,0,-701,-627,-1297,-1241,-5506,-5489,-5489,-5481,-5481,-1174,-5465,-1978]} 1. e4 e6 2. d3 c5 3. Nf3 Nc6 4. g3 g6 5. Bg2 Bg7 6. O-O Nge7 7. Re1 d6 8. c3 e5 9. Nbd2 O-O 10. a4 h6 11. Nc4 Be6 {LiveBook: 43 Games. A04: Unusual lines after 1 Nf3 and King's Indian Attack} 12. Qe2 (12. Nfd2 f5 13. exf5 gxf5 14. f4 Qd7 15. Nf1 Ng6 16. fxe5 dxe5 17. Be3 b6 18. Qh5 Kh7 19. Bxh6 Bxh6 20. Bxc6 Qxc6 21. Qxg6+ Kxg6 22. Nxe5+ {0-1 (44) Inarkiev,E (2682)-Vitiugov,N (2742) Dubai 2014}) 12... Qd7 13. Bd2 Rad8 $146 (13... f5 $17) ({Predecessor:} 13... f5 14. exf5 Nxf5 15. h3 Rae8 {½-½ (15) Klima,L (2396)-Jurcik,M (2372) Czechia 2010}) 14. b4 $11 cxb4 15. cxb4 Bg4 16. Ne3 Nd4 17. Qd1 Bxf3 18. Bxf3 f5 {[%cal Bf7f5,Bf5f4][%mdl 32]} 19. Bh1 (19. exf5 $11 Nxf3+ 20. Qxf3) 19... f4 $15 20. Nc2 {Threatening Nxd4.} Nb3 21. Ra3 Nxd2 22. Qxd2 Rc8 23. b5 h5 {[%cal Bh6h5,Bh5h4][%mdl 32]} 24. Nb4 {[#]} h4 $1 {[%mdl 512]} 25. Nd5 $2 (25. Bg2 $15) (25. gxh4 Qg4+) 25... Nxd5 $19 26. exd5 fxg3 27. fxg3 hxg3 28. hxg3 (28. Be4 $17) 28... Qg4 $1 29. d4 Rf4 ({Much less strong is} 29... Qxd4+ 30. Qxd4 exd4 31. Be4 $17) 30. dxe5 $2 {[%mdl 8192]} (30. Qe2 $17 {is tougher.}) 30... Bxe5 {...Bd4+ is the strong threat.} 31. Qd1 (31. Rae3 $19 Bd4 32. Kg2 Bxe3 33. Qxe3 Rxa4 34. Kf2) 31... Bd4+ 32. Kh2 Rc2+ $2 (32... Rf2+ {mates} 33. Bg2 Rcc2 $1 {[%mdl 512]} 34. Rg1 Rfe2 35. Qxd4 Qxd4 36. g4 Qf4+ 37. Rg3 Re3 38. Kh1 Rxg3 39. Kh2 Qf3 40. Kh1 Rh3#) 33. Qxc2 $11 Rf2+ $40 {[%mdl 128] Black has some attack.} 34. Qxf2 $1 Bxf2 35. Re4 $2 {[%mdl 8192]} (35. Re8+ $11 Kg7 36. Re7+ Kg8 37. Re8+ Kg7 38. Re7+ Kh6 39. Re4) 35... Qd1 $19 {( -> ...Qg1+)} 36. Bg2 Bg1+ $1 37. Kh3 Qh5+ $1 38. Rh4 Qf5+ 39. Rg4 Qh5+ $2 (39... g5 $1 $19 40. Ra1 Qh7+ 41. Rh4 g4+ $1 {[%mdl 512]} 42. Kxg4 Qg7+ 43. Kh5 Qxa1 44. Rg4+ Kf7 45. Rf4+ Ke7) 40. Rh4 $11 Qf5+ $2 {[%mdl 8192]} (40... Qe5 $11 41. Rf3 Bb6) 41. Rg4 $1 $19 {[#]} g5 $1 42. Be4 Qf1+ 43. Bg2 {[#]} Qf6 $1 {Black is clearly winning.} 44. Rc4 Qf5+ 45. g4 Qh7+ 46. Kg3 Qh4+ 47. Kf3 Qf2+ 48. Ke4 Qxg2+ {[%mdl 32768] Precision: White = 31%, Black = 72%. . An unexpected result.} 1/2-1/2

[Event "54th Rubinstein Memorial-A 2018"]
[Site "Polanica-Zdroj"]
[Date "2018.08.18"]
[Round "1"]
[White "Klein, Gernot"]
[Black "Nowak, Kamil"]
[Result "0-1"]
[WhiteElo "1922"]
[BlackElo "2313"]
[Annotator "TA"]
[PlyCount "78"]
[EventDate "2018.08.18"]
[EventType "swiss"]
[EventCountry "POL"]
[SourceTitle "playchess.com"]
[Source "ChessBase"]
[SourceQuality "1"]

{[%evp 26,78,-94,-74,-56,-126,-94,-108,-110,-245,-160,-147,-148,-237,-225,-303,-291,-303,-311,-691,-503,-492,-499,-497,-490,-477,-483,-506,-494,-616,-616,-679,-679,-676,-674,-670,-654,-672,-668,-783,-783,-779,-776,-761,-757,-752,-751,-715,-679,-29977,-29977,-29985,-29986,-29986,-29987]} 1. e4 c5 2. Nf3 d6 3. d4 cxd4 4. Nxd4 Nf6 5. Nc3 a6 6. Be3 e6 7. f3 b5 8. Qd2 Nbd7 9. O-O-O Bb7 10. g4 Nb6 11. g5 Nfd7 12. Qf2 {B80: Sicilian Scheveningen: 6 g3 and 6 Be3, including English Attack} (12. a3 Rc8 13. Kb1 Ne5 14. f4 Nec4 15. Bxc4 Nxc4 16. Qd3 Qa5 17. Na2 Nxe3 18. Qxe3 Qb6 19. Qd3 d5 20. exd5 Bxd5 {½-½ (27) Ljubicic,L (2603)-Efendiyev,E (2568) ICCF email 2015}) 12... Rc8 13. h4 Rxc3 14. bxc3 {LiveBook: 3 Games. Black is better.} d5 15. Nb3 (15. Kb1 $15) 15... Ba3+ $146 ({Predecessor:} 15... Nc4 16. exd5 Bxd5 17. Bg2 Ba3+ 18. Kb1 O-O 19. Rhe1 a5 {0-1 (47) Szydelko,M (1816)-Tofil,B (2138) Gniezno 2007}) 16. Kb1 Na4 17. Rd3 (17. Bd2 $17) 17... Qc7 18. exd5 Bxd5 ({Worse is} 18... Nxc3+ 19. Rxc3 Qxc3 20. Bd4 $16) 19. Be2 (19. Bc1 $17 Bxc1 20. Kxc1) 19... Ne5 $19 ({Weaker is} 19... Nxc3+ 20. Rxc3 Qxc3 21. Bd4 $15) 20. Bc1 Nxd3 21. Bxd3 Bxc1 22. Rxc1 $2 (22. Kxc1 O-O 23. Qd4) 22... Qxc3 {[%csl Ga4][%cal Rc3b2] [#]} 23. Qd4 Bxb3 24. Qxc3 Nxc3+ 25. Kb2 Nxa2 26. Ra1 Bd5 27. Be4 Nb4 28. Kc3 Bxe4 29. fxe4 {[%mdl 4096] Endgame KRN-KR} Nc6 30. Rxa6 Kd7 31. Kb3 Rb8 32. c3 Kc7 33. Ra1 Kb6 34. Rf1 Rb7 35. h5 Kc5 36. Rd1 b4 37. Rf1 Na5+ {Black mates.} 38. Kb2 Nc4+ 39. Kc2 Ne3+ 0-1

[Event "54th Rubinstein Memorial-A 2018"]
[Site "Polanica-Zdroj"]
[Date "2018.08.18"]
[Round "1"]
[White "Konieczynski, Piotr"]
[Black "Reza, Wojciech"]
[Result "0-1"]
[WhiteElo "1897"]
[BlackElo "2303"]
[Annotator "TA"]
[PlyCount "160"]
[EventDate "2018.08.18"]
[EventType "swiss"]
[EventCountry "POL"]
[SourceTitle "playchess.com"]
[Source "ChessBase"]
[SourceQuality "1"]

{[%evp 13,160,-3,0,-48,-32,-49,-47,-46,-47,-33,-16,-53,-60,-56,-42,-47,-43,-35,-48,-45,-43,-48,-40,-34,-32,-56,-33,-72,-72,-75,-56,-85,-80,-108,-104,-118,-117,-135,-134,-146,-135,-108,-82,-133,-120,-146,-140,-156,-132,-131,-126,-122,-112,-109,-108,-116,-120,-105,0,-91,-73,-123,-116,-113,-51,-83,-76,-84,-76,-108,-88,-71,-85,-86,-64,-105,-95,-101,-65,-94,-54,-56,-62,-53,-17,-22,0,-93,-72,-74,-85,-85,-85,-52,-35,-81,-65,-208,-208,-211,-200,-157,-166,-195,-170,-181,-124,-184,-125,-190,-127,-154,0,-147,-170,-341,-280,-480,-434,-404,0,-390,0,0,0,-353,0,-204,-8,-8,-8,-313,-303,-403,-204,-881,-852,-5617,-6076,-1474,-1193,-7553,-7529,-29983,-29984,-29984,-29985,-29982,-29965]} 1. d4 Nf6 2. Nf3 e6 3. c4 c5 4. Nc3 cxd4 5. Nxd4 Bb4 6. Bd2 Nc6 7. Nc2 Be7 {LiveBook: 19 Partien. A32: Englische Eröffnung (Symmetrische Variante)} 8. Bg5 h6 9. Bh4 Qa5 $146 {Schwarz steht etwas besser.} ({Vorgänger:} 9... d5 10. e3 O-O 11. cxd5 Nxd5 12. Bxe7 Ncxe7 13. Nxd5 Nxd5 14. Bc4 Qa5+ 15. Qd2 Qxd2+ 16. Kxd2 Rd8 17. Ke2 b6 18. Rhd1 {½-½ (18) Krasenkow,M (2560)-Sher,M (2500) Hastings 1993}) 10. Qd2 O-O 11. e3 Rd8 12. Be2 d5 13. cxd5 Nxd5 14. Bxe7 Ndxe7 15. Qc1 $1 Nd5 16. Na3 Nxc3 17. Qxc3 Qxc3+ 18. bxc3 Na5 19. Rd1 Bd7 20. Bb5 Bxb5 21. Nxb5 a6 22. Na3 Rdc8 23. Kd2 Rc7 24. Kc2 Rac8 $36 {[%mdl 2048] Schwarz ist am Drücker.} 25. Rd3 Nc6 26. Rd6 Ne5 27. Nb1 Kf8 28. h3 (28. Rhd1 $142) 28... Ke7 29. Rhd1 Nc4 30. R6d3 Nb6 31. Kb3 Nd7 32. Rd4 e5 33. Rd5 f6 34. f3 Nc5+ 35. Ka3 Nd7 (35... b5 $17 36. Rd6 Rb7) 36. Rd6 (36. Kb3 $1 $11 {hält das Gleichgewicht.}) 36... h5 37. Kb2 Nc5 38. Ka3 Ne6 (38... e4 $17 {Und weiter mit ...Sd3 wäre nett.} 39. R6d5 Nd3) 39. Kb2 h4 40. Rb6 Nc5 {Droht ...Sa4+ und aus.} 41. Ka3 Rd8 (41... e4 {is more complex.} 42. fxe4 Nd7 43. Rb4 Ne5 44. Kb3 Nc4) 42. Rxd8 Kxd8 $17 {[%mdl 4096] Endspiel KTS-KTS} 43. Rd6+ Ke7 44. Rd2 e4 45. c4 exf3 46. gxf3 Nd7 47. Rd4 Ne5 48. Nd2 Rd7 (48... g5 {is interesting.} 49. f4 Nc6 50. Rd3 Kf7 51. fxg5 fxg5 52. Nf3 Kf6) 49. Rxd7+ Nxd7 $11 {KS-KS} 50. Kb4 (50. f4 $1 $11) 50... g5 $17 51. Kc3 f5 52. Kd4 Ke6 53. Nf1 Kd6 54. Nh2 Nc5 55. e4 {[#]} (55. f4 $15) 55... Ne6+ $1 $19 56. Ke3 Nf4 57. exf5 Ke5 58. Ng4+ Kxf5 59. Nf2 Ng2+ (59... b6 $19 60. Kd4 a5) 60. Ke2 {[#]} (60. Kd2 $17) 60... Ke5 (60... a5 $1 $19 61. Kd2 Kf4) 61. Kd3 (61. Kd2 $17) 61... Kf4 (61... b6 $19 62. Kd2 Kd4) 62. Ke2 $17 Ke5 63. Kd3 $1 b6 64. a3 $2 (64. Kd2) 64... a5 $19 65. a4 $2 (65. Kd2) 65... Nf4+ 66. Ke3 Ng2+ 67. Kd3 $1 Kf4 $2 ({Günstiger ist} 67... Kf5 $19 {Und ...Ke5 würde nun gewinnen.} 68. Kd2 Nf4) 68. Ke2 $11 Kf5 69. Kd2 $2 {[%mdl 8192]} (69. Nd3 $11) 69... Ke5 (69... Nf4 $142 70. Ke3 Ke5) 70. Kd3 $1 $19 Ne1+ $2 ({Lieber} 70... Ke6 $19 71. Kd4 Kf5) 71. Ke2 $11 Nc2 {...Kf4 ist eine echte Drohung.} 72. Nd3+ $2 {[%mdl 8192]} (72. Kd3 $11 {und Weiss muss sich keine Sorgen machen.} Ne1+ 73. Ke2) 72... Kd4 $19 73. Kd2 Ne3 (73... Nb4 $142 74. Nf2 Kxc4) 74. f4 $2 (74. c5) 74... g4 {[%cal Bg5g4,Bg4h3,Bh3h2][%mdl 32]} 75. Ke2 gxh3 76. Nf2 Nxc4 77. Kf3 h2 78. Kg4 {[#]} b5 $1 {Schwarz setzt Matt.} 79. axb5 a4 {[%cal Ba5a4,Ba4a3][%mdl 32]} 80. f5 a3 {Precision: Weiß = 44%, Schwarz = 62%.} 0-1

[Event "54th Rubinstein Memorial-A 2018"]
[Site "Polanica-Zdroj"]
[Date "2018.08.18"]
[Round "1"]
[White "Maciejewski, Kamil"]
[Black "Kumala, Aleksander"]
[Result "0-1"]
[WhiteElo "1886"]
[BlackElo "2238"]
[Annotator "TA"]
[PlyCount "142"]
[EventDate "2018.08.18"]
[EventType "swiss"]
[EventCountry "POL"]
[SourceTitle "playchess.com"]
[Source "ChessBase"]
[SourceQuality "1"]

{[%evp 14,142,129,124,122,140,137,127,125,133,146,135,167,73,75,15,15,15,15,10,15,0,33,28,70,61,98,97,93,74,87,-3,-6,-2,-8,-29,-23,-29,-26,-18,-21,-65,-81,-66,0,0,0,0,1,-17,0,0,0,-75,-23,-53,-43,-210,-199,-210,-170,-177,-123,-120,-14,-14,-15,-15,-14,-15,-15,-16,0,-37,0,0,0,0,0,0,0,0,0,0,0,-98,-114,-121,-120,-426,-392,-12841,-11747,-12841,-12842,-12842,-12843,-12843,-12843,-12844,-12844,-12845,-12845,-12845,-12846,-12846,-12847,-12847,-12847,-12848,-12848,-12850,-12849,-12850,-12849,-12850,-12850,-12850,-12850,-12850,-12850,-12850,-12849,-12850,-12850,-12850,-12849,-12850,-12849,-12850,-12848]} 1. Nf3 f5 2. d3 {[%cal Bd2d3,Bd3d4,Bd4d5][%mdl 32]} Nf6 3. e4 d6 4. Nc3 e5 {[%cal Be7e5,Be5e4][%mdl 32]} 5. exf5 Bxf5 6. d4 {A04: Unusual lines after 1 Nf3 and King's Indian Attack} Nc6 (6... e4 7. Nh4 Bg4 8. Be2 Bxe2 9. Qxe2 d5 10. Bg5 Bb4 11. O-O O-O 12. Nf5 Nc6 {½-½ (36) Grischuk,A (2783)-Ponomariov,R (2731) Beijing 2013}) 7. Bb5 e4 8. d5 $1 {[%cal Rd5c6] LiveBook: 4 Games. White is better.} a6 9. Bxc6+ bxc6 10. Nd4 Bg4 $146 11. f3 exf3 12. gxf3 Bh3 13. Qe2+ (13. Bg5 $18 {has better winning chances.}) 13... Qe7 $16 14. Nxc6 (14. dxc6 $16 Qxe2+ 15. Ncxe2) 14... Qxe2+ $11 15. Kxe2 Kd7 16. Nd4 Re8+ 17. Kf2 Nh5 18. Ne4 {Strongly threatening Ng5.} Be7 19. Bg5 h6 20. Bxe7 Rxe7 21. Rae1 Rf8 22. Ng3 (22. Re3 $16) 22... Rxe1 23. Rxe1 Nf4 24. Nge2 {Nxf4 is the strong threat.} Nxd5 25. Kg3 Bf5 $1 26. Nxf5 Rxf5 {[%mdl 4096] Endgame KRN-KRN} 27. Nd4 Rg5+ 28. Kf2 Nf4 ({Black should play} 28... Rh5 $15 29. Kg3 c5) 29. Re4 Nh3+ 30. Ke3 d5 31. Rg4 Re5+ 32. Kd2 g5 33. Nb3 (33. Ne2 $11 {remains equal.}) 33... Nf4 ({Better is} 33... h5 $1 $17 {[%cal Rh5g4]} 34. Ra4 Ng1) 34. h4 h5 $1 {[%cal Rh5g4]} 35. Rxg5 $2 (35. Rg1 $1 $15) 35... Rxg5 $19 36. hxg5 $15 {KN-KN} h4 $1 {[%cal Rh4h3]} 37. g6 {Threatens to win with g7.} Ke7 ({Don't do} 37... Nxg6 38. Ke3 $15) (37... Ke8 $19 38. Nd4 h3) 38. Nd4 $17 {Hoping for Nf5+.} h3 ({Black should try} 38... Nxg6 $17 {aiming for ...h3.} 39. Ke1 c5) 39. Nf5+ $1 $11 Kf6 40. g7 Kf7 41. Ke3 h2 $1 42. Ng3 Nh5 (42... Ne6 {with more complications.} 43. Kf2 Nd4 44. c3 Nf5 45. Nh1 Kxg7 46. Kg2 Ne3+) 43. Nh1 (43. g8=B+ {seems wilder.} Kxg8 44. Nh1 Kf7 45. Kf2 Ng7 46. Kg2) 43... Kxg7 44. Kf2 $1 Kf6 45. Kg2 Ke5 46. Nf2 Kf4 {Threatening ...Ke3.} 47. Nd3+ Ke3 48. Kxh2 a5 49. Kg2 (49. a4 $11) 49... Kd2 $17 50. Kf2 {[#]} d4 $1 51. Ne1 $2 {[%mdl 8192]} (51. b4 $17 {is tougher.} a4 52. b5) 51... Nf4 $19 52. Kg3 $2 (52. b3 Nd5 53. a3) 52... Kxe1 {Black is clearly winning.} 53. Kxf4 {KP-KP} Kd2 54. Ke4 {[#]} c5 $1 55. f4 Kxc2 {K3P-K3P} 56. f5 d3 57. f6 d2 58. f7 d1=Q 59. f8=Q {KQ-KQ} Qd4+ 60. Kf3 Kxb2 61. Qg8 c4 {[%cal Bc5c4,Bc4c3][%mdl 32]} 62. a4 c3 63. Qb8+ Ka2 64. Qg8+ Ka3 65. Qh7 Qd1+ 66. Kf2 Qd2+ 67. Kf3 c2 68. Qe7+ Qb4 69. Qc7 Kb2 70. Qh2 Qc3+ 71. Ke4 Ka1 {Precision: White = 46%, Black = 60%.} 0-1

[Event "54th Rubinstein Memorial-A 2018"]
[Site "Polanica-Zdroj"]
[Date "2018.08.19"]
[Round "2"]
[White "Stachowiak, Kamil"]
[Black "Kozak, Antoni"]
[Result "0-1"]
[WhiteElo "2447"]
[BlackElo "2157"]
[Annotator "TA"]
[PlyCount "106"]
[EventDate "2018.08.18"]
[EventType "swiss"]
[EventCountry "POL"]
[SourceTitle "playchess.com"]
[Source "ChessBase"]
[SourceQuality "1"]

{[%evp 21,106,18,31,17,8,0,-4,-42,-36,-35,-29,-32,-30,-33,-15,-34,0,0,-4,-41,0,0,9,-123,0,0,0,-12,0,0,0,0,0,7,21,20,40,40,35,41,19,34,36,0,0,-198,-116,-282,-273,-278,0,-283,-274,-435,-391,-656,-646,-661,-649,-650,-645,-631,-483,-631,-612,-533,-509,-542,-1161,-464,-1111,-1060,-1011,-948,-913,-29982,-29983,-29987,-856,-849,-832,-831,-831,-29975,-5285,-29979,-29980]} 1. c4 Nf6 2. Nf3 c5 3. g3 Nc6 4. Bg2 d5 5. cxd5 Nxd5 6. Nc3 Nc7 7. O-O e5 8. d3 Be7 9. Nd2 Bd7 10. a4 {A34: Symmetrical English: 2 Nc3, lines with ...d5} (10. Nc4 f6 {½-½ (10) Bruzon Batista,L (2698)-Iturrizaga Bonelli,E (2660) Barcelona 2013}) 10... b6 11. Nc4 O-O {LiveBook: 15 Games} 12. Be3 {White is slightly better.} f6 13. Qb3 {Hoping for Bxc6.} Kh8 $1 14. Rfc1 Rb8 15. Qd1 Nd4 $146 ({Predecessor:} 15... Nb4 16. f4 exf4 17. Bxf4 a6 18. a5 b5 {0-1 (35) Ramesa,D (2136)-Brkic,A (2312) Rijeka 2002}) 16. f4 exf4 17. Bxf4 Rc8 18. a5 Nce6 (18... b5 $5 {[%cal Rb5c4]} 19. Nd6 Rb8 $11) 19. axb6 axb6 20. e3 Nf5 21. Nd5 Bc6 (21... Nxf4 {keeps more tension.} 22. exf4 Rb8 23. Ra7 Be6 24. Be4 b5) 22. Nxe7 (22. Ndxb6 $11 {keeps the balance.} Nxf4 23. exf4 Qd4+ 24. Kh1 Bxg2+ 25. Kxg2 Ne3+ 26. Nxe3 Qxb2+ 27. Rc2 Qxb6 28. Qf3) 22... Qxe7 (22... Nxe7 $17 23. Bh3 Nxf4 24. gxf4 Ra8) 23. Bxc6 $11 ({But not} 23. Nxb6 Nxf4 24. exf4 Bxg2 $17) 23... Rxc6 24. Qf3 Nxf4 25. Qxc6 Ne2+ 26. Kf2 Nxc1 27. Rxc1 Re8 {[%cal Rf5e3]} 28. Re1 Nd4 29. Qxb6 {aiming for Nd6.} Nc2 30. Re2 Nb4 31. Rd2 Kg8 32. d4 Qe4 $36 {[%mdl 2048] Black is more active.} 33. Qd6 $2 (33. Qb5 $11 Nc2 34. dxc5 Nxe3 35. Qxe8+ $1 {[%mdl 512]} Qxe8 36. Nxe3) 33... Nd3+ {[#]} (33... Nc2 $1 $19 {[%cal Rc2e3]} 34. dxc5 Qxc4 35. Qd5+ Qxd5 36. Rxd5 Nb4) 34. Ke2 $2 (34. Rxd3 $1 $17 {[%mdl 512] was the only defense.} Qxd3 35. Qxc5) 34... Nc1+ $19 35. Kf2 {next Qd7 is good for White.} Nd3+ $2 (35... Nb3 $19 36. dxc5 Nxd2 37. Nxd2 Qxe3+ 38. Kg2 Qe2+ 39. Kg1 Qd1+ 40. Nf1 Qxd6 41. cxd6 Rd8) 36. Kg1 $2 {[%mdl 8192]} (36. Ke2 $1 $11 Nc1+ 37. Ke1) 36... Ne1 {Threatens to win with ...Nf3+.} 37. Re2 (37. Qf4 $142 Nf3+ 38. Kf2 Nxd2 39. Nxd2) 37... Nf3+ 38. Kf1 $2 {[#]} (38. Kf2 Nxd4 39. Rd2 Qf3+ 40. Kg1) 38... Nxd4 $1 {[%mdl 512]} 39. Rd2 (39. exd4 Qxe2+) 39... Qh1+ 40. Kf2 Qxh2+ 41. Kf1 {[#]} Qh1+ $1 42. Kf2 Qf3+ 43. Kg1 {and the idea Kh2 leaves White hopeful.} Ra8 {( -> ...Ra1+)} 44. Kh2 {[#]} Ra1 $1 {[%csl Ga1][%cal Rf3h1]} 45. Qd8+ Kf7 {[%csl Ga1][%cal Rf3h1]} 46. Nd6+ Ke6 {[%csl Ga1][%cal Rf3h1]} 47. Qe8+ Kxd6 {[%csl Ga1][%cal Rf3h1]} 48. Rg2 Ra8 49. Qf7 Qd5 (49... Qxe3 $142 50. Qxg7 Nf3+ 51. Kh3 Qe6+ 52. g4 Ng5+ 53. Qxg5 fxg5 54. Rg3 Ra1 55. Rd3+ Kc7 56. Rf3 Rg1 57. Kh2 Qxg4 58. Rf7+ Kd6 59. Rf6+ Ke7 60. Rf7+ Kxf7 61. b3 Qg3#) 50. Qxd5+ Kxd5 51. exd4 cxd4 {[%cal Bc5d4,Bd4d3][%mdl 32]} 52. Re2 d3 53. Re7 Rd8 {Precision: White = 36%, Black = 57%.} 0-1

[Event "54th Rubinstein Memorial-A 2018"]
[Site "Polanica-Zdroj"]
[Date "2018.08.19"]
[Round "2"]
[White "Manik, Mikulas"]
[Black "Klepek, Witold"]
[Result "1/2-1/2"]
[WhiteElo "2408"]
[BlackElo "2139"]
[Annotator "NA"]
[PlyCount "68"]
[EventDate "2018.08.18"]
[EventType "swiss"]
[EventCountry "POL"]
[SourceTitle "playchess.com"]
[Source "ChessBase"]
[SourceQuality "1"]
[TimeControl "40/5400+30:1800+30"]

1. e4 {Ftacnik,L} e6 2. d4 d5 3. Nc3 Nf6 4. e5 Nfd7 5. f4 c5 6. Nf3 Nc6 7. Be3 a6 8. Qd2 b5 9. dxc5 Bxc5 10. Ne2 {C11: French: Classical System: 4 e5 and 4 Bg5 dxe4} Qb6 11. Bxc5 Nxc5 12. Ned4 Nxd4 13. Qxd4 b4 {[#]} 14. h4 $146 ({Better is} 14. Nd2 $11) ({Predecessor:} 14. a3 Rb8 15. Be2 a5 16. axb4 axb4 17. O-O O-O {1-0 (42) Leko,P (2737)-Ivanchuk,V (2769) London 2012 CBM 151 [Ftacnik,L]}) 14... a5 15. h5 (15. a3 $5 {[%cal Ra3b4]} Rb8 16. axb4 axb4 17. Be2 $11) 15... h6 16. O-O-O ({White should try} 16. a3 $11 Rb8 17. axb4 axb4 18. Be2) 16... Ba6 ({Black should play} 16... a4 $15) 17. g4 (17. f5 $11) 17... Rc8 18. Kb1 Bxf1 19. Rhxf1 Na4 20. Qxb6 Nxb6 21. b3 Ke7 $11 22. Kb2 Rc3 23. Rd3 Rhc8 24. Nd4 Nd7 25. Rxc3 Rxc3 26. a3 f6 27. axb4 axb4 28. exf6+ Nxf6 29. Re1 Ne4 30. Ra1 Rg3 31. f5 Rxg4 32. Ra7+ Kf6 33. fxe6 Nd6 34. Rd7 Ke5 1/2-1/2

[Event "54th Rubinstein Memorial-A 2018"]
[Site "Polanica-Zdroj"]
[Date "2018.08.19"]
[Round "2"]
[White "Nurkiewicz, Maciej"]
[Black "Jankowiak, Tomasz"]
[Result "1-0"]
[WhiteElo "2371"]
[BlackElo "2117"]
[Annotator "NA"]
[PlyCount "37"]
[EventDate "2018.08.18"]
[EventType "swiss"]
[EventCountry "POL"]
[SourceTitle "playchess.com"]
[Source "ChessBase"]
[SourceQuality "1"]
[TimeControl "40/5400+30:1800+30"]

1. e4 {[%emt 0:00:00]} d6 {[%emt 0:00:00]} 2. d4 {[%emt 0:00:00]} Nf6 {[%emt 0:00:00]} 3. Nc3 {[%emt 0:00:00]} e5 {[%emt 0:00:00]} 4. Nf3 {[%emt 0:00:04]} Nbd7 {[%emt 0:00:00]} 5. g4 {[%emt 0:00:13]} Nxg4 {[%emt 0:02:40]} 6. Rg1 {[%emt 0:00:07]} h5 {[%emt 0:01:55]} 7. h3 {[%emt 0:07:03]} Nh6 {[%emt 0:00:09]} 8. Bg5 {[%emt 0:04:10]} f6 {[%emt 0:05:44]} 9. Be3 {[%emt 0:01:42]} g5 $16 {[%emt 0:18:58]} (9... Nf7 $1 $11 {remains equal.}) 10. Nxg5 {[%emt 0:44:01]} fxg5 {[%emt 0:20:37]} 11. Bxg5 Be7 12. Bc4 {[%emt 0:02:21]} Bxg5 {[%emt 0:27:40]} 13. Qxh5+ {[%emt 0:00:13]} Kf8 {[%emt 0:00:09]} 14. Rxg5 {[%emt 0:01:40]} Nb6 {[%emt 0:18:42]} 15. Rg8+ {[%emt 0:00:59]} Rxg8 {[%emt 0:00:53]} 16. Qxh6+ {[%emt 0:00:06]} Ke8 {[%emt 0:07:27]} 17. Qh5+ {[%emt 0:02:28]} Kd7 {[%emt 0:01:18]} 18. Qf5+ {[%emt 0:00:08]} Kc6 {[%emt 0:00:24]} 19. Bb5# {Kd5} 1-0

[Event "54th Rubinstein Memorial-A 2018"]
[Site "Polanica-Zdroj"]
[Date "2018.08.19"]
[Round "2"]
[White "Djuric, Stefan"]
[Black "Domanski, Lukasz"]
[Result "1-0"]
[WhiteElo "2352"]
[BlackElo "2094"]
[Annotator "NA"]
[PlyCount "55"]
[EventDate "2018.08.18"]
[EventType "swiss"]
[EventCountry "POL"]
[SourceTitle "playchess.com"]
[Source "ChessBase"]
[SourceQuality "1"]
[TimeControl "40/5400+30:1800+30"]

1. Nf3 {[%emt 0:09:54]} d6 {[%emt 0:00:00]} 2. d4 {[%emt 0:00:29]} Nf6 {[%emt 0:00:01]} 3. c4 {[%emt 0:01:34]} g6 {[%emt 0:01:03]} 4. Nc3 {[%emt 0:00:21]} Bg7 {[%emt 0:00:14]} 5. e4 {[%emt 0:00:14]} O-O {[%emt 0:00:26]} 6. Be2 {[%emt 0:00:16]} e5 {[%emt 0:00:16]} 7. Be3 {[%emt 0:00:16]} exd4 {[%emt 0:02:49]} 8. Nxd4 {[%emt 0:00:13]} Re8 {[%emt 0:05:55]} 9. f3 {[%emt 0:00:13]} c6 {[%emt 0:01:32]} 10. Qd2 {[%emt 0:00:55]} d5 {[%emt 0:09:43]} 11. exd5 {[%emt 0:00:22]} cxd5 {[%emt 0:00:44]} 12. c5 {[%emt 0:00:14]} Nc6 {[%emt 0:06:13]} 13. Bf2 {[%emt 0:09:41]} Be6 {[%emt 0:11:36]} 14. O-O {[%emt 0:02:48] LiveBook: 5 Games} Nd7 $14 {[%emt 0:06:44]} 15. Rfd1 Qe7 {[%emt 0:09:12]} 16. Bb5 {[%emt 0:15:28]} Rac8 {[%emt 0:06:02]} 17. Nxe6 {[%emt 0:02:05]} Bxc3 {[%emt 0:00:56]} 18. Qxc3 {[%emt 0:04:48]} fxe6 {[%emt 0:01:19]} 19. b4 {[%emt 0:00:19]} Qf6 {[%emt 0:08:01]} 20. Qe1 {[%emt 0:01:01]} a6 {[%emt 0:05:15]} 21. Be2 {[%emt 0:01:57]} Nde5 {[%emt 0:11:11]} 22. Rab1 {[%emt 0:06:27]} Ra8 {[%emt 0:06:07]} 23. Rb3 {[%emt 0:06:22]} Red8 {[%emt 0:03:05]} 24. Bf1 {[%emt 0:06:30]} Nf7 {[%emt 0:01:51]} 25. a4 {[%emt 0:01:19]} a5 {[%emt 0:00:33]} 26. b5 {[%emt 0:04:10]} Ne7 {[%emt 0:00:44]} 27. f4 {[%emt 0:02:25]} d4 {[%emt 0:01:20]} 28. Bh4 {[%emt 0:00:47]} 1-0